00383nam a2200145 a 45000010005000000030009000050080041000140400028000550820015000831000020000982450056001182600032001743000015002066500016002214516CO-ViMGA141112s2004 ck r 000 u spa d aCO-ViMGAbspacCO-ViMGA04a787.3 T6771 aTortelier, Paul10aEl violonchelo : basí interpreto, así enseño aBarcelona : bLabor, c1993 a125 p : il14aVIOLONCHELO